<?xml version="1.0" encoding="UTF-8"?><?xml-stylesheet type="text/xsl" href="static/style.xsl"?><OAI-PMH xmlns="http://www.openarchives.org/OAI/2.0/" xmlns:xsi="http://www.w3.org/2001/XMLSchema-instance" xsi:schemaLocation="http://www.openarchives.org/OAI/2.0/ http://www.openarchives.org/OAI/2.0/OAI-PMH.xsd"><responseDate>2026-04-18T05:21:00Z</responseDate><request verb="GetRecord" identifier="oai:www.recercat.cat:2072/425127" metadataPrefix="marc">https://recercat.cat/oai/request</request><GetRecord><record><header><identifier>oai:recercat.cat:2072/425127</identifier><datestamp>2024-11-21T21:07:32Z</datestamp><setSpec>com_2072_98</setSpec><setSpec>col_2072_378197</setSpec></header><metadata><record xmlns="http://www.loc.gov/MARC21/slim" xmlns:dcterms="http://purl.org/dc/terms/" xmlns:xsi="http://www.w3.org/2001/XMLSchema-instance" xmlns:doc="http://www.lyncode.com/xoai" xsi:schemaLocation="http://www.loc.gov/MARC21/slim http://www.loc.gov/standards/marcxml/schema/MARC21slim.xsd">
   <leader>00925njm 22002777a 4500</leader>
   <datafield ind2=" " ind1=" " tag="042">
      <subfield code="a">dc</subfield>
   </datafield>
   <datafield ind2=" " ind1=" " tag="720">
      <subfield code="a">Esteve, Albert</subfield>
      <subfield code="e">author</subfield>
   </datafield>
   <datafield ind2=" " ind1=" " tag="720">
      <subfield code="a">Permanyer, Iñaki</subfield>
      <subfield code="e">author</subfield>
   </datafield>
   <datafield ind2=" " ind1=" " tag="720">
      <subfield code="a">Boertien, Diederik</subfield>
      <subfield code="e">author</subfield>
   </datafield>
   <datafield ind2=" " ind1=" " tag="260">
      <subfield code="c">2020</subfield>
   </datafield>
   <datafield ind2=" " ind1=" " tag="520">
      <subfield code="a">El dia 11 de març de 2020, l'Organització Mundial de la Salut va qualificar a la covid-19 com una pandèmia global. Des de llavors, les xifres d'infectats i morts per aquesta malaltia no han deixat de créixer en tots els països del món, entre ells Espanya, un dels més afectats i vulnerables pel seu alt nivell d'envelliment. Els països encaren aquesta emergència sanitària amb desigualtat de recursos i polítiques, però una estratègia àmpliament utilitzada ha estat el confinament de la població a la seves llars i l'adopció de mesures de distanciament social. La covid-19 pot infectar a persones de totes les edats però la severitat del símptomes i la letalitat de la malaltia augmenta ràpidament amb l'edat (WHO 2020). Conseqüentment, l'estructura per edat de la població -el percentatge de persones joves i grans d'una població- i les pautes de co-residència -l'estructura per edat de les llars- són factors clau que condicionen la vulnerabilitat de les poblacions a la covid-19, així com les estratègies de mitigació (Dowd et al. 2020). En aquest número de Perspectives Demogràfiques analitzem com l'estructura demogràfica i de les llars condicionen la vulnerabilitat a la covid-19 pel conjunt d'Espanya i les seves províncies.</subfield>
   </datafield>
   <datafield ind2=" " ind1=" " tag="520">
      <subfield code="a">El día 11 de marzo de 2020, la Organización Mundial de la Salud calificó a la enfermedad del coronavirus (covid-19) como una pandemia global. Desde entonces, las cifras de infectados y muertes por esta enfermedad no han dejado de crecer en todos los países de mundo, entre ellos España, uno de los más afectados y vulnerables por su nivel de envejecimiento. Los países afrontan esta emergencia sanitaria con desigualdad de recursos y políticas, pero una estrategia ampliamente utilizada ha sido el confinamiento de la población en sus hogares y la adopción de medidas de distanciamiento social. El coronavirus puede infectar a gente de todas las edades aunque la severidad de los síntomas y la letalidad aumenta rápidamente con la edad (WHO 2020). Consecuentemente, la estructura por edad de la población -el porcentaje de personas jóvenes y ancianas de una población- y las pautas de co-residencia -la estructura por edad de los hogares- son factores clave que condicionan la vulnerabilidad de las poblaciones a la covid-19, así como las estrategias para mitigarlo (Dowd et al. 2020). En este número de Perspectives Demogràfiques analizamos cómo la estructura demográfica y de los hogares condicionan la vulnerabilidad a la covid-19 para el conjunto de España y sus provincias.</subfield>
   </datafield>
   <datafield tag="653" ind2=" " ind1=" ">
      <subfield code="a">COVID-19</subfield>
   </datafield>
   <datafield tag="653" ind2=" " ind1=" ">
      <subfield code="a">Confinament</subfield>
   </datafield>
   <datafield tag="653" ind2=" " ind1=" ">
      <subfield code="a">Llars</subfield>
   </datafield>
   <datafield tag="653" ind2=" " ind1=" ">
      <subfield code="a">Edat</subfield>
   </datafield>
   <datafield tag="653" ind2=" " ind1=" ">
      <subfield code="a">Confinamiento</subfield>
   </datafield>
   <datafield tag="653" ind2=" " ind1=" ">
      <subfield code="a">Hogares</subfield>
   </datafield>
   <datafield tag="653" ind2=" " ind1=" ">
      <subfield code="a">Edad</subfield>
   </datafield>
   <datafield ind2="0" ind1="0" tag="245">
      <subfield code="a">La vulnerabilitat de les províncies espanyoles a la covid-19 segons estructura per edats i de co-residència : implicacions pel (des)confinament</subfield>
   </datafield>
</record></metadata></record></GetRecord></OAI-PMH>